Library Banner

Indian and British English (Record no. 35297)

MARC details
000 -LEADER
fixed length control field 00623nam a2200217Ia 4500
001 - CONTROL NUMBER
control field 35782
008 - FIXED-LENGTH DATA ELEMENTS--GENERAL INFORMATION
fixed length control field 140421s9999 xx 000 0 und d
020 ## - INTERNATIONAL STANDARD BOOK NUMBER
International Standard Book Number 0195666569
040 ## - CATALOGING SOURCE
Transcribing agency PK-LaUMT
082 ## - DEWEY DECIMAL CLASSIFICATION NUMBER
Classification number 427.954
Item number IND-
100 ## - MAIN ENTRY--PERSONAL NAME
Personal name Crowther, Jonathan
245 ## - TITLE STATEMENT
Title Indian and British English
Remainder of title a handbook of usage and pronunciation
Statement of responsibility, etc Crowther, Jonathan<>Hosali, Priya<>Nihalani, Paroo<>Tongue R. K.
250 ## - EDITION STATEMENT
Edition statement 2nd
260 ## - PUBLICATION, DISTRIBUTION, ETC. (IMPRINT)
Place of publication, distribution, etc New Delhi,India:
Name of publisher, distributor, etc Oxford University,
Date of publication, distribution, etc 2004
300 ## - PHYSICAL DESCRIPTION
Extent 260 p.
546 ## - LANGUAGE NOTE
Language note EN
700 ## - ADDED ENTRY--PERSONAL NAME
Personal name Hosali, Priya
700 ## - ADDED ENTRY--PERSONAL NAME
Personal name Nihalani, Paroo
700 ## - ADDED ENTRY--PERSONAL NAME
Personal name Tongue R. K.
942 ## - ADDED ENTRY ELEMENTS (KOHA)
Koha item type Books
Holdings
Withdrawn status Lost status Damaged status Not for loan Home library Current library Date acquired Total Checkouts Full call number Barcode Date last seen Date checked out Price effective from Koha item type
        UMT Main Campus UMT Main Campus 2014-04-21 1 427.954 IND- 40723 2017-02-06 2017-02-01 2014-05-05 Books